<?xml version="1.0" encoding="UTF-8"?>
<marc:record xmlns:marc="http://www.loc.gov/MARC21/slim">
   <marc:leader>00000nam a2200000 a 4500</marc:leader>
   <marc:datafield ind1="1" ind2=" " tag="100">
      <marc:subfield code="a">Marklund, Liza</marc:subfield>
      <marc:subfield code="4">aut</marc:subfield>
      <marc:subfield code="e">Verfasser/-in</marc:subfield>
   </marc:datafield>
   <marc:datafield ind1="1" ind2=" " tag="100">
      <marc:subfield code="a">Lendt&amp;comma; Dagmar</marc:subfield>
   </marc:datafield>
   <marc:datafield ind1="0" ind2="0" tag="245">
      <marc:subfield code="a">Verletzlich</marc:subfield>
   </marc:datafield>
   <marc:datafield ind1="0" ind2="0" tag="245">
      <marc:subfield code="b">Kriminalroman</marc:subfield>
   </marc:datafield>
   <marc:datafield ind1="0" ind2="0" tag="245">
      <marc:subfield code="c">Liza Marklund . Übers. von Dagmar Lendt</marc:subfield>
   </marc:datafield>
   <marc:datafield ind1=" " ind2="1" tag="264">
      <marc:subfield code="a">Berlin</marc:subfield>
      <marc:subfield code="b">Ullstein</marc:subfield>
      <marc:subfield code="c">2016</marc:subfield>
   </marc:datafield>
   <marc:datafield ind1="1" ind2=" " tag="520">
      <marc:subfield code="a">Der letzte Band der Krimi-Serie um die Journalistin Annika Bengtzon - ein pessimistischer Abgesang auf Medien und Politik&amp;period; &amp;lpar;DR&amp;rpar; "Dies war die letzte Leiche" - mit dieser Aussage eines Serienmörders beginnt Liza Marklund ihren letzten Roman der Krimi-Serie mit Annika Bengtzon in der Hauptrolle&amp;period; In &amp;lpar;seit 1999&amp;rpar; insgesamt elf Büchern hat die energische Journalistin eines Boulevardblattes in Mordfällen recherchiert&amp;comma; zur Aufklärung und zur Verurteilung der Täter beigetragen&amp;semi; hat es von der Praktikantin zur Reporterin des "Abendblatts" gebracht&amp;comma; einen Mann geheiratet&amp;comma; zwei Kinder geboren&amp;comma; sich scheiden lassen&amp;semi; ist eine neue Beziehung eingegangen und lebt jetzt Patchwork-Familienalltag&amp;period; Berufliches und Privates&amp;comma; Medienarbeit&amp;comma; Alltagsleben und Politik zusammenzubringen&amp;comma; das war das erzählerische Grundkonzept dieser Krimi-Serie&amp;comma; nicht unbedingt ein Alleinstellungsmerkmal&amp;comma; aber jedenfalls erfolgreich&amp;period; Der letzte Band ist nun eine Art rückblickende Zusammenfassung&amp;colon; Die Sitzungen bei einer Therapeutin wegen ihrer Panikattacken wie die Recherche in einem unaufgeklärten Mordfall führen Annika Bengtzon weit zurück in ihre Vergangenheit&amp;comma; privat und beruflich&amp;comma; zugleich wird ihre Zukunft als Journalistin infrage gestellt - die Druckausgabe des Abendblatts soll eingestellt werden&amp;period; "Verletzlich" ist ein pessimistischer Abgesang geworden - auf Familie&amp;comma; Medien&amp;comma; Politik&amp;comma; Gesellschaft&amp;period; Und auch wenn die gelernte Journalistin Liza Marklund an manchen Stellen dazu neigt&amp;comma; zu referieren statt zu erzählen&amp;comma; ist ihr ein weitgehend spannender Abschluss einer zeitdiagnostischen Krimi-Serie gelungen&amp;period;</marc:subfield>
   </marc:datafield>
   <marc:datafield ind1=" " ind2=" " tag="020">
      <marc:subfield code="a">9783550080623</marc:subfield>
      <marc:subfield code="9">9783550080623</marc:subfield>
   </marc:datafield>
   <marc:datafield ind1=" " ind2=" " tag="020">
      <marc:subfield code="a">355008062X</marc:subfield>
      <marc:subfield code="9">355008062X</marc:subfield>
   </marc:datafield>
   <marc:datafield ind1=" " ind2=" " tag="500">
      <marc:subfield code="a">Übers. aus dem Schwed.</marc:subfield>
   </marc:datafield>
   <marc:datafield ind1=" " ind2=" " tag="300">
      <marc:subfield code="a">348 S&amp;period;</marc:subfield>
   </marc:datafield>
</marc:record>
